| 000 | 00763nas a22002057a 4500 | ||
|---|---|---|---|
| 003 | NALT | ||
| 005 | 20211112143859.0 | ||
| 008 | 181227b ||||| |||| 00| 0 tha d | ||
| 022 | _a15134733 | ||
| 040 | _aNALT | ||
| 041 | 0 | _atha | |
| 245 | 1 | 0 | _aMARKETEER |
| 260 | 3 | _aกรุงเทพฯ | |
| 310 | _aรายเดือน | ||
| 500 | _aหยุดผลิตหลังเดือนมีนาคม 2563 | ||
| 850 | _aNALT | ||
| 866 | _aปีที่ 19 ฉบับที่ 225-226 (ม.ค.-ก.พ. 2562), ปีที่ 20 ฉบับที่ 227-234 (มี.ค.-พ.ย. 2562), ปีที่ 21 ฉบับที่ 235-238 (ธ.ค. 2562-มี.ค. 2563) | ||
| 942 |
_cJNR _s1 _2lcc |
||
| 998 |
_b34 _d2017-06-05 10:26:39.373 _j755 _k จินตนา เอี่ยมคง |
||
| 999 |
_c91968 _d91968 |
||